Honeymoon /

Mimi and Michael, in their thirties, marry suddenly after years of friendship and go on their honeymoon without having had a physical relationship. The honeymoon turns into a nightmare of sexual failure and conflict, fueled by Mimi's anxiety. With the marriage hanging by a thread, the couple tr...

Full description

Bibliographic Details
Other Authors: Sallitt, Dan (Director), Morrison, Alex (Film producer) (Producer), Gerstel, Bill (Producer), Meeks, Edith (Actor), McCormick, Dylan (Actor)
Format: Video
Language:English
Language Notes:In English.
Published: New York, NY : Grasshopper Film, 1998.
Series:Academic Video Online
Subjects:
Online Access:Connect to this streaming video (Alexander Street Press)

MARC

Tag First Indicator Second Indicator Subfields
LEADER 00000cgm a2200000Mi 4500
001 in00005594613
006 m o c
007 cr |n||||||||a
007 vz |za|z|
008 201203s1998 nyu091 e o vneng d
005 20241201233727.7
035 |a (OCoLC)on1231566459 
040 |a ALSTP  |b eng  |e rda  |c ALSTP  |d OCLCO  |d OCLCF  |d OCLCO  |d GRASS  |d CJT  |d OCLCL  |d NUI 
019 |a 1373424788  |a 1430846798  |a 1444016807 
024 8 |a ASP5093608/marc 
035 |a (OCoLC)1231566459  |z (OCoLC)1373424788  |z (OCoLC)1430846798  |z (OCoLC)1444016807 
049 |a TXAM 
245 0 0 |a Honeymoon /  |c Static Productions presents ; producers, Alex Morrison, Bill Gerstel ; director-writer, Dan Sallitt. 
264 1 |a New York, NY :  |b Grasshopper Film,  |c 1998. 
300 |a 1 online resource (91 minutes) 
306 |a 013019 
336 |a two-dimensional moving image  |b tdi  |2 rdacontent 
337 |a computer  |b c  |2 rdamedia 
337 |a video  |b v  |2 rdamedia 
338 |a online resource  |b cr  |2 rdacarrier 
347 |a video file  |2 rda 
490 0 |a Academic Video Online 
500 |a Title from resource description page (viewed December 03, 2020). 
508 |a Director of photography, David S. Park; editor, Robin Burchill. 
511 1 |a Edith Meeks, Dylan McCormick. 
520 |a Mimi and Michael, in their thirties, marry suddenly after years of friendship and go on their honeymoon without having had a physical relationship. The honeymoon turns into a nightmare of sexual failure and conflict, fueled by Mimi's anxiety. With the marriage hanging by a thread, the couple try to resolve their problems against all odds. From filmmaker Dan Sallitt. 
546 |a In English. 
650 0 |a Newlyweds  |v Drama. 
650 0 |a Sex (Psychology)  |v Drama. 
650 0 |a Love  |v Drama. 
650 0 |a Honeymoons  |v Drama. 
650 7 |a Honeymoons.  |2 fast  |0 (OCoLC)fst00959989 
650 7 |a Love.  |2 fast  |0 (OCoLC)fst01002769 
650 7 |a Newlyweds.  |2 fast  |0 (OCoLC)fst01742953 
650 7 |a Sex (Psychology)  |2 fast  |0 (OCoLC)fst01114228 
655 7 |a Drama.  |2 fast  |0 (OCoLC)fst01423879 
655 7 |a Feature films.  |2 fast  |0 (OCoLC)fst01710384 
655 7 |a Melodramas (Motion pictures)  |2 fast  |0 (OCoLC)fst01726217 
655 7 |a Romance films.  |2 fast  |0 (OCoLC)fst01710332 
655 7 |a Romance films.  |2 lcgft 
655 7 |a Feature films.  |2 lcgft 
655 7 |a Melodramas (Motion pictures)  |2 lcgft 
655 7 |a Films d'amour.  |2 rvmgf 
655 7 |a Mélodrames (Films)  |2 rvmgf 
700 1 |a Sallitt, Dan,  |e director. 
700 1 |a Morrison, Alex  |c (Film producer),  |e producer. 
700 1 |a Gerstel, Bill,  |e producer. 
700 1 |a Meeks, Edith,  |e actor. 
700 1 |a McCormick, Dylan,  |e actor. 
710 2 |a Static Productions (Firm),  |e production company. 
758 |i has work:  |a Honeymoon (MovingImage)  |1 https://id.oclc.org/worldcat/entity/E39PCFxYkj3YvhbmR39cY6BF8C  |4 https://id.oclc.org/worldcat/ontology/hasWork 
856 4 0 |u http://proxy.library.tamu.edu/login?url=https://www.aspresolver.com/aspresolver.asp?MARC;5093608  |z Connect to this streaming video (Alexander Street Press)  |t 0 
955 |a Alexander Street Press subscription streaming video 
994 |a 92  |b TXA 
999 f f |s b9c8a56f-5fcf-4b3f-a5e0-5793544fe4c5  |i b820ff72-f11b-4e7b-8d79-e8d4db713c78  |t 0 
952 f f |a Texas A&M University  |b College Station  |c Electronic Resources  |d Available Online  |t 0  |h Library of Congress classification 
998 f f |t 0  |l Available Online